[Event "XV C.to Mondiale Seniores Over 50"]
[Site "Acqui Terme ITA"]
[Date "2015.11.10"]
[Round "1"]
[White "Garcia Palermo, Carlos"]
[Black "Ahmad, Ismail"]
[WhiteElo "2446"]
[BlackElo "2031"]
[Result "1/2-1/2"]
[PlyCount "30"]
[EventDate "2015.11.10"]

1. d4 Nf6 2. c4 e6 3. Nf3 b6 4. g3 Ba6 5. b3 Bb4+ 6. Bd2 Be7 7. Bg2 c6 8. Bc3
d5 9. Nbd2 O-O 10. O-O Nbd7 11. Qc2 Rc8 12. Rfd1 c5 13. Qb2 b5 14. dxc5 Nxc5
15. cxd5 b4 1/2-1/2

[Event "XV C.to Mondiale Seniores Over 50"]
[Site "Acqui Terme ITA"]
[Date "2015.11.10"]
[Round "1"]
[White "Ivanov, Alexander"]
[Black "Hewson, Brian Wr"]
[WhiteElo "2506"]
[BlackElo "2058"]
[Result "1-0"]
[PlyCount "71"]
[EventDate "2015.11.10"]

1. e4 c6 2. d4 d5 3. e5 Bf5 4. h4 h5 5. c4 e6 6. Nc3 Nd7 7. cxd5 cxd5 8. Bg5
Be7 9. Bd3 Bxd3 10. Qxd3 a6 11. Nf3 Nh6 12. Bxh6 Rxh6 13. g3 Rc8 14. Rc1 Nb6
15. O-O g5 16. hxg5 Bxg5 17. Nxg5 Qxg5 18. Ne2 Rxc1 19. Rxc1 Nc4 20. b3 h4 21.
bxc4 hxg3 22. fxg3 Qh5 23. Kf2 Qg5 24. Nf4 Rh2+ 25. Kf3 dxc4 26. Qxc4 Qd8 27.
Qc8 Qxc8 28. Rxc8+ Kd7 29. Rf8 Ke7 30. Rb8 b5 31. Rb7+ Ke8 32. g4 Rxa2 33. g5
Ra3+ 34. Ke4 Rg3 35. g6 fxg6 36. Nxe6 1-0

[Event "XV C.to Mondiale Seniores Over 50"]
[Site "Acqui Terme ITA"]
[Date "2015.11.10"]
[Round "1"]
[White "Kalegin, Evgenij"]
[Black "Sand, Rolf"]
[WhiteElo "2440"]
[BlackElo "2021"]
[Result "1/2-1/2"]
[PlyCount "100"]
[EventDate "2015.11.10"]

1. e4 c5 2. Nf3 d6 3. c3 Nf6 4. h3 Nc6 5. Bd3 g6 6. O-O Bg7 7. Bc2 e5 8. d4
cxd4 9. cxd4 exd4 10. Nxd4 O-O 11. Re1 d5 12. Nxc6 bxc6 13. Nc3 Be6 14. Bg5 Qa5
15. Bd2 Qc7 16. Qc1 Qb7 17. b3 Rac8 18. Rb1 Rfe8 19. Bd3 dxe4 20. Nxe4 Nxe4 21.
Bxe4 Bd5 22. Qc2 c5 23. Bxd5 Qxd5 24. Rbd1 Bd4 25. Be3 Qb7 26. Bh6 Qb4 27. Bd2
Qb5 28. Bc3 Rxe1+ 29. Rxe1 Re8 30. Rxe8+ Qxe8 31. Kf1 Qe5 32. Be1 Kg7 33. Qd3
h5 34. Qf3 Qe6 35. Qd3 Qe5 36. a4 Qh2 37. Qe4 Qd6 38. g3 Qa6+ 39. Kg2 Qf6 40.
h4 Qb6 41. Qd5 Qf6 42. f4 Qe7 43. Bf2 Qe2 44. Qf3 Qc2 45. a5 a6 46. Kf1 Bxf2
47. Qxf2 Qd1+ 48. Kg2 Qd5+ 49. Kh2 Qxb3 50. Qxc5 Qd3 1/2-1/2

[Event "XV C.to Mondiale Seniores Over 50"]
[Site "Acqui Terme ITA"]
[Date "2015.11.10"]
[Round "1"]
[White "Kurka, Dieter"]
[Black "Arkell, Keith C"]
[WhiteElo "2054"]
[BlackElo "2499"]
[Result "0-1"]
[PlyCount "111"]
[EventDate "2015.11.10"]

1. d4 Nf6 2. c4 e6 3. g3 c5 4. d5 exd5 5. cxd5 d6 6. Nc3 g6 7. Bg2 Bg7 8. Nf3
O-O 9. O-O Re8 10. Bf4 Ne4 11. Nxe4 Rxe4 12. Rb1 Bf5 13. Nd2 Rxf4 14. gxf4 Bxb1
15. Qxb1 Nd7 16. Nc4 Nb6 17. b3 Qd7 18. Ne3 Re8 19. Qd3 Qe7 20. Bf3 Nd7 21. Ng2
f5 22. e3 Nf6 23. a4 Qc7 24. Rc1 Qa5 25. Qc3 Qxc3 26. Rxc3 Ne4 27. Rc2 a6 28.
Be2 Nc3 29. Bd3 b5 30. axb5 axb5 31. Nh4 Ra8 32. Nf3 Ra1+ 33. Kg2 Rd1 34. Nd2
Nb1 35. Nxb1 Rxd3 36. Nd2 Rxd5 37. Nf3 Rd1 38. Ra2 Ra1 39. Rd2 Ra6 40. Ng5 Bc3
41. Rc2 b4 42. Rc1 Ra1 43. Rxa1 Bxa1 44. Kf1 c4 45. Ke2 cxb3 46. Kd1 Bc3 47. f3
b2 48. Kc2 Bd2 49. Kxb2 Bxe3 50. Kb3 Bxf4 51. Ne6 Bxh2 52. Kxb4 Kf7 53. Ng5+
Ke7 54. Nxh7 Bf4 55. Kc4 Kf7 56. Kd4 0-1

[Event "XV C.to Mondiale Seniores Over 50"]
[Site "Acqui Terme ITA"]
[Date "2015.11.10"]
[Round "1"]
[White "Melkeraaen, Terje"]
[Black "Roselli Mailhe, Bernardo"]
[WhiteElo "2018"]
[BlackElo "2409"]
[Result "1/2-1/2"]
[PlyCount "45"]
[EventDate "2015.11.10"]

1. d4 Nf6 2. c4 g6 3. Nc3 Bg7 4. e4 d6 5. f3 O-O 6. Bg5 Nbd7 7. Qd2 c5 8. d5 a6
9. Nge2 b5 10. cxb5 Ne5 11. Ng3 Qa5 12. a4 axb5 13. Nxb5 Qb6 14. Be2 Ba6 15.
O-O Rfb8 16. b3 Qd8 17. Rad1 Ne8 18. f4 Nd7 19. e5 f6 20. exf6 exf6 21. Bh4 Nf8
22. Ne4 Bc8 23. Bc4 1/2-1/2

[Event "XV C.to Mondiale Seniores Over 50"]
[Site "Acqui Terme ITA"]
[Date "2015.11.10"]
[Round "1"]
[White "Nikolic, Predrag"]
[Black "Astengo, Marcello"]
[WhiteElo "2603"]
[BlackElo "2074"]
[Result "1-0"]
[PlyCount "67"]
[EventDate "2015.11.10"]

1. Nf3 d5 2. g3 Nf6 3. Bg2 h6 4. c4 c6 5. Qc2 e6 6. O-O Be7 7. d3 O-O 8. e4 d4
9. e5 Nfd7 10. Re1 c5 11. h4 Nc6 12. Qe2 Rb8 13. Nbd2 b6 14. Nf1 Bb7 15. N1h2
Re8 16. Ng4 Bf8 17. Bf4 Ne7 18. h5 Nf5 19. b3 Be7 20. Ngh2 Nf8 21. Nd2 Bxg2 22.
Kxg2 g5 23. hxg6 Nxg6 24. Qh5 Kh7 25. Ng4 Nxf4+ 26. gxf4 Rg8 27. Rh1 Rg6 28.
Ne4 Qd7 29. Rag1 Rxg4+ 30. Qxg4 Rg8 31. Ng5+ Bxg5 32. Kf1 Qc6 33. fxg5 Rg6 34.
Qe4 1-0

[Event "XV C.to Mondiale Seniores Over 50"]
[Site "Acqui Terme ITA"]
[Date "2015.11.10"]
[Round "1"]
[White "Okamura, Milton Kasuo"]
[Black "Bellia, Fabrizio"]
[WhiteElo "2038"]
[BlackElo "2452"]
[Result "0-1"]
[PlyCount "102"]
[EventDate "2015.11.10"]

1. d4 Nf6 2. c4 e6 3. Nc3 d5 4. cxd5 exd5 5. Bg5 c6 6. e3 Be7 7. Bd3 O-O 8.
Nge2 Nbd7 9. O-O Re8 10. Qc2 Nf8 11. f3 g6 12. Rae1 Ne6 13. Bh4 Bd7 14. Bf2 Rc8
15. Qb3 b5 16. Rc1 b4 17. Na4 Qa5 18. Bb1 c5 19. Nxc5 Nxc5 20. dxc5 Bb5 21.
Rfe1 Bxc5 22. Qd1 Qb6 23. Nd4 Bd7 24. Qd2 Bd6 25. Rxc8 Rxc8 26. Rc1 Rxc1+ 27.
Qxc1 Qb8 28. g3 h5 29. Bd3 h4 30. Kg2 hxg3 31. hxg3 Nh5 32. g4 Nf6 33. Bh4 Kg7
34. Qe1 Qe8 35. Bg3 Bc5 36. Qg1 Nh7 37. Bf4 Bxd4 38. exd4 Bb5 39. Qf1 Bxd3 40.
Qxd3 Qa4 41. Qb3 Qb5 42. Kf2 Nf8 43. g5 Kg8 44. Be5 a5 45. a3 Nd7 46. Bf4 Nb6
47. Bd6 Nc4 48. Bc5 Qb8 49. Kg2 Qf4 50. Be7 Qd2+ 51. Kg3 Qe1+ 0-1

[Event "XV C.to Mondiale Seniores Over 50"]
[Site "Acqui Terme ITA"]
[Date "2015.11.10"]
[Round "1"]
[White "Shaw, Meyrick"]
[Black "Kristiansen, Jens"]
[WhiteElo "2020"]
[BlackElo "2420"]
[Result "1/2-1/2"]
[PlyCount "47"]
[EventDate "2015.11.10"]

1. d4 Nf6 2. Nf3 e6 3. Bf4 b6 4. Nbd2 Bb7 5. c3 Be7 6. Qc2 c5 7. e4 cxd4 8.
Nxd4 Nc6 9. Nxc6 Bxc6 10. Rd1 O-O 11. Bd3 Nh5 12. Bg3 h6 13. Nc4 Nxg3 14. hxg3
Qc7 15. f4 d6 16. Ne3 Rad8 17. Qe2 Qb7 18. Ng4 Rfe8 19. Rd2 e5 20. Nxh6+ gxh6
21. Qg4+ Kh7 22. Qf5+ Kg7 23. Qg4+ Kh7 24. Qf5+ 1/2-1/2

[Event "XV C.to Mondiale Seniores Over 50"]
[Site "Acqui Terme ITA"]
[Date "2015.11.10"]
[Round "1"]
[White "Valet, Richard"]
[Black "Mohr, Georg"]
[WhiteElo "2030"]
[BlackElo "2443"]
[Result "0-1"]
[PlyCount "62"]
[EventDate "2015.11.10"]

1. e4 Nc6 2. Nc3 e6 3. g3 d5 4. exd5 exd5 5. Bg2 Nf6 6. d3 h6 7. Nge2 Bc5 8.
O-O O-O 9. d4 Bb4 10. a3 Ba5 11. Qd3 Ne7 12. b4 Bf5 13. Qd1 Bb6 14. Na4 c6 15.
Nxb6 axb6 16. Nf4 Nc8 17. Nd3 Nd6 18. Ne5 Nd7 19. g4 Bh7 20. f4 Be4 21. g5 Bxg2
22. Kxg2 Nf5 23. Qh5 g6 24. Nxg6 fxg6 25. Qxg6+ Kh8 26. Qh5 Qe8 27. Qxe8 Raxe8
28. Bd2 Kh7 29. c3 hxg5 30. fxg5 Re2+ 31. Rf2 Nh4+ 0-1

[Event "XV C.to Mondiale Seniores Over 50"]
[Site "Acqui Terme ITA"]
[Date "2015.11.10"]
[Round "1"]
[White "Valette, Christian"]
[Black "Rozentalis, Eduardas"]
[WhiteElo "2070"]
[BlackElo "2553"]
[Result "0-1"]
[PlyCount "76"]
[EventDate "2015.11.10"]

1. d4 Nf6 2. Nf3 b5 3. g3 Bb7 4. Bg2 e6 5. Nbd2 c5 6. c3 a6 7. O-O d6 8. Re1
Be7 9. e4 cxd4 10. Nxd4 Qc7 11. a4 bxa4 12. Qxa4+ Nbd7 13. e5 dxe5 14. Bxb7
Qxb7 15. Nc6 Nc5 16. Na5+ Qd7 17. Qc6 Rc8 18. Qxd7+ Nfxd7 19. Ndc4 f6 20. Be3
Kf7 21. Red1 e4 22. Nd6+ Bxd6 23. Rxd6 Ne5 24. Bxc5 Rxc5 25. Rxa6 Rb8 26. Ra7+
Kg6 27. Nb7 Rc6 28. Na5 Rd6 29. b4 Rd3 30. Rc7 Ra8 31. Rb1 h5 32. Kg2 e3 33.
fxe3 Rd2+ 34. Kf1 Rxh2 35. Rd1 h4 36. gxh4 Rxh4 37. Rd4 Rh1+ 38. Kg2 Rah8 0-1

[Event "XV C.to Mondiale Seniores Over 50"]
[Site "Acqui Terme ITA"]
[Date "2015.11.10"]
[Round "1"]
[White "Wiedenkeller, Michael"]
[Black "Brongers, Henk"]
[WhiteElo "2454"]
[BlackElo "2048"]
[Result "1-0"]
[PlyCount "87"]
[EventDate "2015.11.10"]

1. d4 Nf6 2. c4 g6 3. Nc3 Bg7 4. e4 d6 5. f3 c5 6. dxc5 dxc5 7. Qxd8+ Kxd8 8.
Be3 Nfd7 9. Nge2 Nc6 10. O-O-O b6 11. f4 h5 12. g3 a6 13. Bh3 e6 14. f5 Ke7 15.
Na4 Rb8 16. fxe6 fxe6 17. Nf4 Nde5 18. Nxb6 Nd4 19. Nxc8+ Rhxc8 20. Bxd4 cxd4
21. Bxe6 Rc5 22. b3 g5 23. Nxh5 Kxe6 24. Nxg7+ Kf6 25. Nf5 Nxc4 26. bxc4 Rxc4+
27. Kd2 Rb2+ 28. Kd3 Rbc2 29. Rd2 R2c3+ 30. Ke2 Ke5 31. Rhd1 Ra4 32. Nxd4 Kxe4
33. Kf2 Re3 34. Ne6 Raa3 35. Nxg5+ Kf5 36. Rd5+ Kg6 37. R1d2 a5 38. Rb2 Kh5 39.
Kg2 Red3 40. Re5 Re3 41. Ne4+ Kg6 42. Rb6+ Kf7 43. Rb7+ Kf8 44. Rf5+ 1-0

[Event "XV C.to Mondiale Seniores Over 50"]
[Site "Acqui Terme ITA"]
[Date "2015.11.11"]
[Round "2"]
[White "Arkell, Keith C"]
[Black "Wueest, Andrin"]
[WhiteElo "2499"]
[BlackElo "2225"]
[Result "1-0"]
[PlyCount "140"]
[EventDate "2015.11.10"]

1. d4 Nf6 2. Nf3 d5 3. c4 c6 4. Qc2 g6 5. e3 Bf5 6. Qb3 Qb6 7. Nc3 Qxb3 8. axb3
e6 9. c5 Nbd7 10. b4 e5 11. b5 exd4 12. exd4 Bg7 13. bxc6 bxc6 14. Bf4 O-O 15.
Be2 Rfe8 16. O-O Bg4 17. Ra4 Ne4 18. Ba6 Nexc5 19. dxc5 Nxc5 20. Ra5 Nxa6 21.
Rxa6 d4 22. Na4 d3 23. Nd2 c5 24. Nxc5 Bxb2 25. Be3 Rac8 26. Rb1 Bg7 27. Nce4
Rc2 28. Bf4 h6 29. h4 Bf5 30. Nd6 Re6 31. Nf3 d2 32. Rb8+ Kh7 33. Nxd2 Bd3 34.
Ra3 Rxd2 35. Bxd2 Rxd6 36. Rxa7 Bc4 37. Bf4 Rd1+ 38. Kh2 Be6 39. Ra5 Rd4 40.
Bg3 h5 41. Rba8 Bf6 42. Ra4 Rd7 43. R8a5 Kg7 44. Be5 Bxe5+ 45. Rxe5 Kf6 46.
Rea5 Rd2 47. f3 Rb2 48. Kg3 Rc2 49. Rb4 Rd2 50. Rab5 Rc2 51. Rb2 Rc3 52. R5b4
Rc1 53. Kf2 Rc3 54. Ra4 Kg7 55. Kg3 Kf6 56. Kf4 Rd3 57. Rf2 Rd1 58. Rb2 Rh1 59.
Ke3 Ke5 60. Rf4 Re1+ 61. Kf2 Rc1 62. Kg3 Rc7 63. Re2+ Kd6 64. Rf6 Re7 65. Kf4
Ra7 66. Rexe6+ fxe6 67. Rxg6 Ra2 68. Rg5 e5+ 69. Kg3 Ra3 70. Kh2 Kd5 1-0

[Event "XV C.to Mondiale Seniores Over 50"]
[Site "Acqui Terme ITA"]
[Date "2015.11.11"]
[Round "2"]
[White "Bagaturov, Giorgi"]
[Black "Izquierdo, Daniel"]
[WhiteElo "2397"]
[BlackElo "2161"]
[Result "1-0"]
[PlyCount "71"]
[EventDate "2015.11.10"]

1. d4 Nf6 2. Nf3 g6 3. c4 Bg7 4. g3 O-O 5. Bg2 c6 6. O-O d5 7. Qb3 Qb6 8. Nc3
Qxb3 9. axb3 Na6 10. Bf4 Bf5 11. h3 Ne4 12. cxd5 Nxc3 13. bxc3 cxd5 14. Nd2 Be6
15. e4 Rfd8 16. Ra5 Rd7 17. exd5 Bf5 18. Rc1 Rc8 19. Nc4 f6 20. g4 g5 21. Bg3
Bd3 22. Ne3 f5 23. Nxf5 Bxf5 24. gxf5 Bxd4 25. c4 Nc5 26. Rd1 b6 27. Ra2 Bf6
28. b4 Nb3 29. d6 Kg7 30. Bd5 Nd4 31. Be6 Rcd8 32. Bxd7 Rxd7 33. c5 bxc5 34.
bxc5 exd6 35. Bxd6 Nxf5 36. Bf8+ 1-0

[Event "XV C.to Mondiale Seniores Over 50"]
[Site "Acqui Terme ITA"]
[Date "2015.11.11"]
[Round "2"]
[White "Bellia, Fabrizio"]
[Black "Karmov, Mazhmudin"]
[WhiteElo "2452"]
[BlackElo "2209"]
[Result "1-0"]
[PlyCount "98"]
[EventDate "2015.11.10"]

1. e4 c5 2. Nf3 Nc6 3. d4 cxd4 4. Nxd4 g6 5. c4 Bg7 6. Be3 Nf6 7. Nc3 Ng4 8.
Qxg4 Nxd4 9. Qd1 e5 10. Bd3 d6 11. O-O O-O 12. b3 f5 13. exf5 Nxf5 14. Bxf5
gxf5 15. Qd5+ Kh8 16. Nb5 f4 17. Nxd6 Qg5 18. Bd2 Qg6 19. Bc3 f3 20. g3 Qh5 21.
Kh1 Qh3 22. Rg1 Be6 23. Qe4 Rf6 24. Qh4 Kg8 25. Qxh3 Bxh3 26. Rgd1 b6 27. Ne4
Rc6 28. Kg1 Re8 29. Re1 Bf5 30. Rad1 Bg6 31. Rd5 a6 32. Nd2 e4 33. Bxg7 Kxg7
34. g4 Rf6 35. Nf1 Bf7 36. Rd4 Bg6 37. h3 b5 38. c5 a5 39. a3 Rc8 40. b4 axb4
41. axb4 Ra6 42. h4 h6 43. Rd7+ Kh8 44. Red1 h5 45. R1d6 Rxd6 46. Rxd6 Bf7 47.
g5 Kg7 48. Ne3 Bg6 49. Kh2 Ra8 1-0

[Event "XV C.to Mondiale Seniores Over 50"]
[Site "Acqui Terme ITA"]
[Date "2015.11.11"]
[Round "2"]
[White "Frick, Christoph"]
[Black "Ivanov, Alexander"]
[WhiteElo "2241"]
[BlackElo "2506"]
[Result "1-0"]
[PlyCount "78"]
[EventDate "2015.11.10"]

1. d4 Nf6 2. Bf4 d6 3. e3 Nbd7 4. Nf3 Nh5 5. Bg5 h6 6. Bh4 g5 7. Nfd2 Ndf6 8.
Be2 Ng7 9. Bg3 Nf5 10. Bd3 Bg7 11. c3 O-O 12. Qc2 Nxg3 13. hxg3 d5 14. Nf3 Re8
15. Ne5 Ng4 16. Nd2 Nxe5 17. dxe5 c5 18. O-O-O Qb6 19. c4 dxc4 20. Nxc4 Qc7 21.
f4 b5 22. Nd2 Bg4 23. Nf3 c4 24. Bf5 Bxf3 25. gxf3 e6 26. Be4 Rad8 27. fxg5
Rxd1+ 28. Rxd1 Qxe5 29. f4 Qc5 30. Bh7+ Kh8 31. gxh6 Qxe3+ 32. Kb1 Bxh6 33. Bg6
Rg8 34. Bxf7 Rxg3 35. Qh2 Kg7 36. Bxe6 Qxf4 37. Rd7+ Kg6 38. Qc2+ Rd3 39. Rf7
Qe3 1-0

[Event "XV C.to Mondiale Seniores Over 50"]
[Site "Acqui Terme ITA"]
[Date "2015.11.11"]
[Round "2"]
[White "Furman, Boris"]
[Black "Wiedenkeller, Michael"]
[WhiteElo "2218"]
[BlackElo "2454"]
[Result "1-0"]
[PlyCount "63"]
[EventDate "2015.11.10"]

1. d4 Nf6 2. c4 e6 3. Nc3 Bb4 4. Nf3 c5 5. g3 cxd4 6. Nxd4 Ne4 7. Qd3 Nxc3 8.
bxc3 Be7 9. Nb5 Nc6 10. Bf4 e5 11. Be3 O-O 12. Bg2 d6 13. O-O Be6 14. f4 exf4
15. gxf4 Na5 16. Bd5 Bxd5 17. cxd5 a6 18. Nd4 Bf6 19. Nf5 Rc8 20. Bd4 Rc4 21.
Rf3 Bxd4+ 22. Nxd4 Qf6 23. e4 Rfc8 24. Ne2 h5 25. Kh1 Qe7 26. Re3 Ra4 27. Rg1
Kf8 28. e5 g6 29. e6 Re8 30. Reg3 Rxa2 31. Rxg6 Qh4 32. Qf5 1-0

[Event "XV C.to Mondiale Seniores Over 50"]
[Site "Acqui Terme ITA"]
[Date "2015.11.11"]
[Round "2"]
[White "Julia, Ernesto"]
[Black "Baimurzin, Aitkazy"]
[WhiteElo "2356"]
[BlackElo "2120"]
[Result "1-0"]
[PlyCount "101"]
[EventDate "2015.11.10"]

1. Nf3 g6 2. g3 Bg7 3. Bg2 c5 4. O-O Nc6 5. d3 e6 6. Nc3 Nge7 7. Bd2 O-O 8. a3
h6 9. Rb1 Rb8 10. b4 cxb4 11. axb4 b5 12. Ne4 d6 13. c4 f5 14. Nc3 bxc4 15. b5
Na5 16. Qa4 Nb3 17. Be1 Qc7 18. dxc4 Nc5 19. Qa2 Kh7 20. Bd2 Ne4 21. Nxe4 fxe4
22. Ba5 Qc5 23. Nd2 d5 24. Bb4 Qc7 25. Qa3 Rb7 26. e3 Rf7 27. Rfd1 Ng8 28. Bd6
Qd8 29. c5 Rbd7 30. Nb3 Rxd6 31. cxd6 Bf8 32. Nd4 Bxd6 33. Qc3 Qf8 34. Rbc1 Rc7
35. Qd2 Bc5 36. Rc2 Nf6 37. Rdc1 Qd6 38. Nb3 Bb6 39. Rxc7+ Bxc7 40. Qc3 Ne8 41.
Bh3 Bd7 42. Nc5 Bxb5 43. Nxe6 Bb6 44. Qa1 Bd7 45. Nf8+ Qxf8 46. Bxd7 Ng7 47.
Qe5 Qa3 48. Rc6 Qd3 49. Qf6 Qd1+ 50. Kg2 Qh5 51. g4 1-0

[Event "XV C.to Mondiale Seniores Over 50"]
[Site "Acqui Terme ITA"]
[Date "2015.11.11"]
[Round "2"]
[White "Madeira, Wagner Martins"]
[Black "Berkovich, Mark A"]
[WhiteElo "2168"]
[BlackElo "2372"]
[Result "0-1"]
[PlyCount "90"]
[EventDate "2015.11.10"]

1. d4 Nf6 2. c4 e6 3. Nc3 Bb4 4. e3 O-O 5. Nge2 d5 6. a3 Be7 7. cxd5 Nxd5 8. g3
Nxc3 9. Nxc3 e5 10. Bg2 exd4 11. exd4 Nc6 12. Be3 Bf5 13. O-O Qd7 14. Nd5 Bd6
15. Qb3 Rab8 16. Qc3 Bh3 17. Bxh3 Qxh3 18. Nf4 Bxf4 19. Bxf4 Rbd8 20. Rfd1 Rd5
21. Qf3 Qf5 22. Kg2 Nxd4 23. Qd3 Qxd3 24. Rxd3 c5 25. Rad1 Rfd8 26. Be3 f6 27.
b4 b6 28. bxc5 bxc5 29. Rb1 Kf7 30. Bxd4 cxd4 31. Rb7+ R8d7 32. Rb4 Ke6 33. Kf3
Ke5 34. Rb8 Rc5 35. Re8+ Kd5 36. Re4 Kc4 37. Rd1 Rb5 38. Rc1+ Kd3 39. Rd1+ Kc3
40. Re3+ d3 41. Re8 Kc2 42. Rde1 Rf5+ 43. Kg2 d2 44. Rc8+ Kd3 45. Re3+ Kd4 0-1

[Event "XV C.to Mondiale Seniores Over 50"]
[Site "Acqui Terme ITA"]
[Date "2015.11.11"]
[Round "2"]
[White "Mohr, Georg"]
[Black "Levrand, Roland"]
[WhiteElo "2443"]
[BlackElo "2168"]
[Result "1-0"]
[PlyCount "48"]
[EventDate "2015.11.10"]

1. e4 c5 2. Nf3 Nc6 3. d4 cxd4 4. Nxd4 Qb6 5. Nb3 Nf6 6. Nc3 e6 7. a3 d6 8. Be2
a6 9. O-O Be7 10. a4 O-O 11. a5 Qc7 12. Be3 Nd7 13. Na4 Nc5 14. Nb6 Rb8 15. Nd2
Bf6 16. c3 Nxa5 17. Nxc8 Nc6 18. b4 Bxc3 19. bxc5 dxc5 20. Rc1 Bd4 21. Na7 Bxe3
22. Nxc6 Qxc6 23. fxe3 b5 24. Qc2 c4 1-0

[Event "XV C.to Mondiale Seniores Over 50"]
[Site "Acqui Terme ITA"]
[Date "2015.11.11"]
[Round "2"]
[White "Ribbegren, Karl Johan"]
[Black "Nikolic, Predrag"]
[WhiteElo "2249"]
[BlackElo "2603"]
[Result "0-1"]
[PlyCount "128"]
[EventDate "2015.11.10"]

1. d4 Nf6 2. Nf3 e6 3. Bf4 c5 4. e3 Nc6 5. Nbd2 Be7 6. c3 Nh5 7. Bg3 d5 8. Bd3
Bd7 9. dxc5 Bxc5 10. e4 Nxg3 11. hxg3 Qb6 12. O-O dxe4 13. Nxe4 Be7 14. Qe2 h6
15. Rfe1 Rd8 16. g4 Qc7 17. Ng3 Qf4 18. Nd2 g6 19. Nc4 Kf8 20. Rad1 Kg7 21. b4
Bc8 22. b5 Nb8 23. Ne4 Nd7 24. Ned6 Nf6 25. Nxc8 Rxc8 26. Ne5 Bd6 27. Nf3 Rxc3
28. Be4 Bb4 29. Qb2 Rc4 30. g3 Qc7 31. Re2 Bc3 32. Qb1 Nxe4 33. Rxe4 Rxe4 34.
Qxe4 Bf6 35. Qe3 b6 36. Rc1 Qd7 37. Ne5 Qd6 38. Nc6 Bg5 39. Qc3+ Bf6 40. Qe3
Qd5 41. Qe2 h5 42. Rd1 Qc5 43. g5 Qxg5 44. Rd7 Qf5 45. Rxa7 h4 46. g4 Qd5 47.
f4 g5 48. fxg5 Qxg5 49. Qxe6 Qc1+ 50. Kh2 Qc2+ 51. Kh1 Rf8 52. Qd5 Qc1+ 53. Kh2
Qf4+ 54. Kh1 h3 55. g5 Bxg5 56. Qe5+ Qxe5 57. Nxe5 Bf4 58. Nd3 Bg3 59. Ra4 f5
60. Nf4 Rh8 61. Ra7+ Kf6 62. Nd5+ Ke6 63. Nc3 Be5 64. Ra3 Rd8 0-1

[Event "XV C.to Mondiale Seniores Over 50"]
[Site "Acqui Terme ITA"]
[Date "2015.11.11"]
[Round "2"]
[White "Rozentalis, Eduardas"]
[Black "Contin, Daniel"]
[WhiteElo "2553"]
[BlackElo "2248"]
[Result "1-0"]
[PlyCount "57"]
[EventDate "2015.11.10"]

1. e4 e6 2. d4 d5 3. Nd2 c5 4. Ngf3 a6 5. exd5 exd5 6. dxc5 Bxc5 7. Nb3 Bb6 8.
Qe2+ Ne7 9. Be3 Nbc6 10. Qd2 O-O 11. Be2 Bf5 12. c3 Re8 13. Bxb6 Qxb6 14. O-O
Rad8 15. Rfe1 Be4 16. Rad1 h6 17. Nfd4 Kh7 18. Bf1 a5 19. f3 Bg6 20. Qf2 Nxd4
21. Qxd4 Qc7 22. Qc5 Qxc5+ 23. Nxc5 Nf5 24. Rxe8 Rxe8 25. Kf2 b6 26. Na4 Ne3
27. Re1 Bc2 28. Bb5 Nd1+ 29. Rxd1 1-0

[Event "XV C.to Mondiale Seniores Over 50"]
[Site "Acqui Terme ITA"]
[Date "2015.11.11"]
[Round "2"]
[White "Soylu, Suat"]
[Black "Blodig, Reinhard"]
[WhiteElo "2377"]
[BlackElo "2147"]
[Result "0-1"]
[PlyCount "88"]
[EventDate "2015.11.10"]

1. e4 d6 2. d4 g6 3. Nc3 Bg7 4. Be3 c6 5. Qd2 b5 6. Bd3 Nf6 7. Nf3 O-O 8. Bh6
Nbd7 9. Bxg7 Kxg7 10. e5 dxe5 11. dxe5 Ng8 12. O-O-O Nc5 13. Qf4 Qc7 14. h4 h5
15. Be2 Nh6 16. Nd4 a5 17. Bf3 b4 18. Ncb5 cxb5 19. Bxa8 Ne6 20. Qd2 Nxd4 21.
Qxd4 Be6 22. Bd5 Rd8 23. Qe4 Bf5 24. Qe2 Ng4 25. Rhe1 Qc5 26. Bf3 Rc8 27. Rd2
a4 28. Bxg4 hxg4 29. e6 f6 30. Qe3 Qc6 31. Ree2 Qxg2 32. f4 Qh1+ 33. Re1 Qxh4
34. Qg1 g3 35. Qd4 b3 36. axb3 axb3 37. c3 Ra8 38. Rg2 Bh3 39. Rgg1 g2 40. Qe3
Ra6 41. Qd4 g5 42. f5 Qf4+ 43. Qxf4 gxf4 44. Kd2 Rd6+ 0-1

[Event "XV C.to Mondiale Seniores Over 50"]
[Site "Acqui Terme ITA"]
[Date "2015.11.11"]
[Round "2"]
[White "Venturino, Marco"]
[Black "Bruno, Fabio"]
[WhiteElo "2172"]
[BlackElo "2420"]
[Result "0-1"]
[PlyCount "42"]
[EventDate "2015.11.10"]

1. e4 c5 2. Nf3 e6 3. g3 Nc6 4. Bg2 Nf6 5. d3 Be7 6. O-O d6 7. Re1 O-O 8. c3
Bd7 9. d4 cxd4 10. cxd4 d5 11. e5 Ne4 12. Nbd2 Nxd2 13. Bxd2 Rc8 14. Rc1 Qb6
15. Bc3 Nb4 16. Bxb4 Bxb4 17. Re2 Qa6 18. Rxc8 Rxc8 19. a3 Ba4 20. b3 Bxb3 21.
Qxb3 Rc1+ 0-1

[Event "XV C.to Mondiale Seniores Over 50"]
[Site "Acqui Terme ITA"]
[Date "2015.11.12"]
[Round "3"]
[White "Berkovich, Mark A"]
[Black "Malinin, Vasily B"]
[WhiteElo "2372"]
[BlackElo "2261"]
[Result "1/2-1/2"]
[PlyCount "102"]
[EventDate "2015.11.10"]

1. d4 Nc6 2. Nf3 d5 3. g3 Bg4 4. Bg2 Qd7 5. c4 e6 6. O-O O-O-O 7. cxd5 exd5 8.
Nc3 Bh3 9. Bf4 f6 10. Bxh3 Qxh3 11. Nb5 Rd7 12. Qa4 a6 13. Nxc7 Rxc7 14. Bxc7
Kxc7 15. Rfc1 Nge7 16. b4 g5 17. b5 axb5 18. Qxb5 Bh6 19. e3 Rb8 20. a4 Qg4 21.
Nd2 f5 22. Rab1 f4 23. e4 fxg3 24. hxg3 Qd7 25. Nb3 dxe4 26. Nc5 Qd5 27. Na6+
bxa6 28. Qxb8+ Kd7 29. Qb7+ Kd6 30. Rc5 Qxd4 31. Rcc1 g4 32. Rd1 Bd2 33. Qb2 e3
34. Qxd4+ Nxd4 35. fxe3 Nf3+ 36. Kf2 Nd5 37. Rb8 Bxe3+ 38. Ke2 Bg5 39. Rc8 Bf6
40. Rh1 Nc3+ 41. Kd3 Nxa4 42. Rxh7 Nc5+ 43. Kc4 Ne5+ 44. Kb4 Nc6+ 45. Kc4 Nd7
46. Rg8 Nde5+ 47. Kb3 Kd5 48. Rh6 Be7 49. Ka4 Ke4 50. Rxg4+ Nxg4 51. Rxc6 Kf3
1/2-1/2

[Event "XV C.to Mondiale Seniores Over 50"]
[Site "Acqui Terme ITA"]
[Date "2015.11.12"]
[Round "3"]
[White "Blodig, Reinhard"]
[Black "Bagaturov, Giorgi"]
[WhiteElo "2147"]
[BlackElo "2397"]
[Result "0-1"]
[PlyCount "100"]
[EventDate "2015.11.10"]

1. g3 d5 2. Nf3 g6 3. c4 c6 4. cxd5 cxd5 5. Bg2 Bg7 6. d4 Nf6 7. O-O O-O 8. Nc3
Ne4 9. Nxe4 dxe4 10. Ng5 Bxd4 11. Bxe4 Nc6 12. Qa4 Bd7 13. Rd1 Bg7 14. Rd2 Qc7
15. Qd1 Rad8 16. Rb1 h6 17. Nf3 f5 18. Bc2 e5 19. e4 f4 20. Nh4 Kh7 21. b4 Be6
22. Bb3 Qf7 23. Bxe6 Qxe6 24. b5 Nd4 25. Bb2 Bf6 26. Bxd4 exd4 27. f3 fxg3 28.
hxg3 Bxh4 29. gxh4 Qh3 30. Rb3 Qg3+ 31. Rg2 Qxh4 32. Qc1 Rf7 33. Qc4 Qe1+ 34.
Kh2 Rdf8 35. Qe6 Qh4+ 36. Kg1 Rf6 37. Qd7+ R8f7 38. Qxd4 Qe1+ 39. Kh2 Rf4 40.
Rf2 Rh4+ 41. Kg3 Qh1 42. Rg2 Rh3+ 43. Kf2 Rh2 44. Rxh2 Qxh2+ 45. Kf1 Qxa2 46.
Qd5 Rc7 47. Re3 Rc1+ 48. Re1 Rxe1+ 49. Kxe1 Qxd5 50. exd5 Kg7 0-1

[Event "XV C.to Mondiale Seniores Over 50"]
[Site "Acqui Terme ITA"]
[Date "2015.11.12"]
[Round "3"]
[White "Bruno, Fabio"]
[Black "Smolin, Sergey"]
[WhiteElo "2420"]
[BlackElo "2294"]
[Result "1-0"]
[PlyCount "69"]
[EventDate "2015.11.10"]

1. Nf3 g6 2. c4 Bg7 3. Nc3 e5 4. g3 Nc6 5. Bg2 Nge7 6. O-O O-O 7. d3 d6 8. Rb1
Nd4 9. Nxd4 exd4 10. Ne4 h6 11. b3 g5 12. Nd2 a5 13. Bb2 f5 14. e3 dxe3 15.
fxe3 Bxb2 16. Rxb2 Qe8 17. Nf3 Nc6 18. Kh1 Bd7 19. Rbf2 Qh5 20. Qd2 Rae8 21. a3
b6 22. b4 axb4 23. axb4 g4 24. Nh4 Qg5 25. Nxf5 Rxf5 26. Rxf5 Bxf5 27. Bxc6 Re5
28. Rf4 Qg6 29. Bd5+ Rxd5 30. cxd5 Bxd3 31. Kg1 Be4 32. Qd4 Bf3 33. e4 h5 34.
h4 b5 35. Kf2 1-0